000 00668nam a22002057a 4500
003 OSt
005 20221028195743.0
008 221021b |||||||| |||| 00| 0 eng d
020 _a981-05-6252-7
040 _cBiblioteca LadoV
082 _a700.74
_bSL631b
100 _9244
_aSlater, Ben
_eeditor
245 _aBelief/
_bSingapore Biennale 2006/
260 _aSingapore
_c2006
_bNational Arts Council Singapore
300 _a272p.
_c15x21cm
650 _2Tesauro de Arte & Arquitectura
_aBIENAL
650 _2Tesauro de Arte & Arquitectura
_aARTE
651 _2Tesauro de Arte & Arquitectura
_aSINGAPURE
942 _2ddc
_c1
_h700.74
_iSL631b
_n0
999 _c2410
_d2410